00565nam a22001697a 450000500170000001000150001702000260003203500140005803700130007208200140008510000150009924500810011426000410019527000790023630000260031550000540034120181001153354.0 aENG-124152 a9788132107019c425.00 aEN-107684 bDBAD/PUB00a954.93032 aMurari, S.10aThe prabhakaran saga:cby S. Muraribthe rise and fall of an eelam warrior / aNew Delhi bSAGE Publications,c2012 aB1/I-1 Mohan Cooperative Industrial Area, Mathura RoadbNew Delhi e110044 axxv,363p.c22cm.(pbk) aIt includes Epilogue, index and about the author